[Event "CAN-ch U10"]
[Site "Vancouver"]
[Date "2012.07.05"]
[Round "7"]
[White "Chertkow, Matthew"]
[Black "Luan, Zhen Shu"]
[Result "0-1"]
[WhiteElo "868"]
[BlackElo "959"]
[PlyCount "52"]
[EventDate "2012.07.03"]
[EventType "swiss"]
[EventRounds "7"]
[EventCountry "CAN"]
[SourceTitle "EXT 2022"]
[Source "ChessBase"]
[SourceDate "2021.10.06"]
[SourceVersion "1"]
[SourceVersionDate "2021.10.06"]
[SourceQuality "1"]

1. e4 e5 2. Nf3 Nc6 3. Bc4 Nf6 4. Nc3 Nxe4 5. Nxe4 d5 6. Bd3 dxe4 7. Bxe4 Bd7 8. d3 g6 9. Ng5 Be7 10. h4 h6 11. Nf3 Bf6 12. Be3 Qe7 13. Qd2 0-0-0 14. Bxc6 Bxc6 15. Bxa7 Qf8 16. 0-0-0 g5 17. hxg5 Bxg5 18. Nxg5 hxg5 19. Rxh8 Qxh8 20. Qxg5 f6 21. Qf5+ Bd7 22. Qe4 Qh6+ 23. Kb1 Bc6 24. Qb4 Qh5 25. Rd2 Qh1+ 26. Rd1 Qxd1# 0-1

[Event "CAN-ch U10"]
[Site "Vancouver"]
[Date "2012.07.03"]
[Round "2"]
[White "Luan, Zhen Shu"]
[Black "Novakovic, David"]
[Result "1-0"]
[WhiteElo "959"]
[BlackElo "767"]
[PlyCount "47"]
[EventDate "2012.07.03"]
[EventType "swiss"]
[EventRounds "7"]
[EventCountry "CAN"]
[SourceTitle "EXT 2022"]
[Source "ChessBase"]
[SourceDate "2021.10.06"]
[SourceVersion "1"]
[SourceVersionDate "2021.10.06"]
[SourceQuality "1"]

1. e4 e5 2. d4 Nc6 3. Nf3 d6 4. d5 Nce7 5. Nc3 c6 6. Bd3 cxd5 7. exd5 Qa5 8. 0-0 Nxd5 9. Bb5+ Bd7 10. Bxd7+ Kxd7 11. Nxd5 Qxd5 12. Qxd5 Rc8 13. Nxe5+ Ke8 14. Re1 Be7 15. Qxf7+ Kd8 16. Nc6+ Rxc6 17. Qxg7 Bf6 18. Bg5 Rxc2 19. Qxh8 Bxg5 20. Qxg8+ Kc7 21. Qxg5 Rc5 22. Rac1 Kd7 23. Qe7+ Kc6 24. h3 1-0